[Event "Mahilong Birla Memorial 23 rd"]
[Site "Mahilong"]
[Date "2024.07.22"]
[Round "7"]
[White "Sudhakar, Prem Dutt"]
[Black "Singh, Ankit Kumar"]
[Result "1-0"]
[WhiteElo "1786"]
[BlackElo "1608"]
[PlyCount "40"]
[EventDate "2024.07.20"]
[EventType "swiss"]
[EventRounds "9"]
[EventCountry "IND"]
[SourceTitle "EXT 2025"]
[Source "ChessBase"]
[SourceDate "2024.10.14"]
[SourceVersion "1"]
[SourceVersionDate "2024.10.14"]
[SourceQuality "1"]

1. e4 d6 2. d4 Nf6 3. Nc3 Nbd7 4. Nf3 e5 5. Bc4 h6 6. Qe2 c6 7. a4 Be7 8. 0-0 g5 9. h3 Qc7 10. Bb3 Nf8 11. Qc4 Ne6 12. dxe5 dxe5 13. Be3 0-0 14. Rad1 Bd7 15. Rd2 b6 16. Rfd1 Rac8 17. Nh2 Nf4 18. Bxf4 gxf4 19. Qe2 Bc5 20. Rxd7 Ra8 1-0